LEADER 05440nam 22007335 450 001 996465616603316 005 20200630235138.0 024 7 $a10.1007/11556114 035 $a(CKB)1000000000213255 035 $a(SSID)ssj0000320151 035 $a(PQKBManifestationID)11286198 035 $a(PQKBTitleCode)TC0000320151 035 $a(PQKBWorkID)10347508 035 $a(PQKB)11282583 035 $a(DE-He213)978-3-540-32020-3 035 $a(MiAaPQ)EBC3067517 035 $a(PPN)12309755X 035 $a(EXLCZ)991000000000213255 100 $a20100316d2005 u| 0 101 0 $aeng 135 $aurnn|008mamaa 181 $ctxt 182 $cc 183 $acr 200 10$aSpatial Information Theory$b[electronic resource] $eInternational Conference, COSIT 2005, Ellicottville, NY, USA, September 14-18, 2005, Proceedings /$fedited by Anthony G. Cohn, David M. Mark 205 $a1st ed. 2005. 210 1$aBerlin, Heidelberg :$cSpringer Berlin Heidelberg :$cImprint: Springer,$d2005. 215 $a1 online resource (XII, 500 p.) 225 1 $aInformation Systems and Applications, incl. Internet/Web, and HCI ;$v3693 300 $aBibliographic Level Mode of Issuance: Monograph 311 08$aPrinted edition: 9783540289647 320 $aIncludes bibliographical references and index. 327 $aVagueness, Uncertainty, and Gradation -- Anchoring: A New Approach to Handling Indeterminate Location in GIS -- Gradation and Map Analysis in Area-Class Maps -- Simulation of Obfuscation and Negotiation for Location Privacy -- Paths and Routes -- Investigating the Need for Eliminatory Constraints in the User Interface of Bicycle Route Planners -- Path Memory in Real-World and Virtual Settings -- Shortest Path Search from a Physical Perspective -- Ontology and Semantics -- Operationalising ?Sense of Place? as a Cognitive Operator for Semantics in Place-Based Ontologies -- Data-Driven Matching of Geospatial Schemas -- The Role of Spatial Relations in Automating the Semantic Annotation of Geodata -- Ontology and Spatial Relations -- Anatomical Information Science -- Matching Names and Definitions of Topological Operators -- Spatial Relations Between Classes of Individuals -- Spatial Reasoning -- Casl Specifications of Qualitative Calculi -- A Spatial Form of Diversity -- Structure and Semantics of Arrow Diagrams -- Cognitive Maps and Spatial Reasoning -- Cognitive Maps Are over 60 -- Categorical Methods in Qualitative Reasoning: The Case for Weak Representations -- On Internal Cardinal Direction Relations -- Time, Change, and Dynamics -- Dynamic Collectives and Their Collective Dynamics -- A Linguistics-Based Framework for Modeling Spatio-temporal Occurrences and Purposive Change -- Ordering Events for Dynamic Geospatial Domains -- Landmarks and Navigation -- Structural Salience of Landmarks for Route Directions -- Expert and Non-expert Knowledge of Loosely Structured Environments -- Landmark Extraction: A Web Mining Approach -- Geographic Information -- Satellite Images ? A Source for Social Scientists? On Handling Multiple Conceptualisations of Space in Geographical Information Systems -- 3D Topographic Data Modelling: Why Rigidity Is Preferable to Pragmatism -- Morse-Smale Decompositions for Modeling Terrain Knowledge -- Spatial Behavior -- 2D-3D MultiAgent GeoSimulation with Knowledge-Based Agents of Customers? Shopping Behavior in a Shopping Mall -- Memory for Spatial Location: Influences of Environmental Cues and Task Field Rotation -- Network and Psychological Effects in Urban Movement -- Abstracts of Keynote Talks -- Probabilistic Techniques for Mobile Robot Navigation -- Spatial Language, Spatial Thought: Parallels in Path Structure. 410 0$aInformation Systems and Applications, incl. Internet/Web, and HCI ;$v3693 606 $aData structures (Computer science) 606 $aArtificial intelligence 606 $aComputers 606 $aDatabase management 606 $aPhysical geography 606 $aData Structures$3https://scigraph.springernature.com/ontologies/product-market-codes/I15017 606 $aArtificial Intelligence$3https://scigraph.springernature.com/ontologies/product-market-codes/I21000 606 $aComputation by Abstract Devices$3https://scigraph.springernature.com/ontologies/product-market-codes/I16013 606 $aDatabase Management$3https://scigraph.springernature.com/ontologies/product-market-codes/I18024 606 $aModels and Principles$3https://scigraph.springernature.com/ontologies/product-market-codes/I18016 606 $aPhysical Geography$3https://scigraph.springernature.com/ontologies/product-market-codes/J16000 615 0$aData structures (Computer science). 615 0$aArtificial intelligence. 615 0$aComputers. 615 0$aDatabase management. 615 0$aPhysical geography. 615 14$aData Structures. 615 24$aArtificial Intelligence. 615 24$aComputation by Abstract Devices. 615 24$aDatabase Management. 615 24$aModels and Principles. 615 24$aPhysical Geography. 676 $a910.285 702 $aCohn$b Anthony G$4edt$4http://id.loc.gov/vocabulary/relators/edt 702 $aMark$b David M$4edt$4http://id.loc.gov/vocabulary/relators/edt 712 12$aCOSIT 2005 906 $aBOOK 912 $a996465616603316 996 $aSpatial Information Theory$9772471 997 $aUNISA